Joe Dassin - L'Amérique (paroles) - Statistiques

Statistiques générales
  • Ce quiz a été pris 371 fois
  • Le résultat moyen est 153 sur 190
Statistiques - réponses
Paroles % Correct
la
100%
je
99%
Je
99%
L'Amérique
99%
l'Amérique
99%
et
97%
le
97%
Les
95%
les
95%
de
94%
De
94%
l'aurai
94%
veux
93%
l'avoir
92%
amis
89%
si
89%
un
89%
aller
87%
mes
87%
que
87%
Que
87%
m'en
86%
86%
ne
86%
qu'à
86%
c'est
85%
plus
85%
suis
85%
dois
84%
n'ai
83%
rêve
83%
elle
80%
Car
78%
depuis
76%
l'Eldorado
76%
saurai
76%
clés
75%
Mais
75%
mais
75%
vous
75%
bateaux
74%
m'attend
74%
chanson
73%
sirènes
73%
Tous
72%
toutes
72%
jeter
71%
pas
71%
chanté
70%
dis
69%
peu
69%
adieu
68%
par
67%
mon
65%
sais
65%
quand
63%
sans
61%
trains
61%
reviendrai
59%
Ou
58%
qu'avant
58%
riche
58%
sifflets
58%
sou
57%
dans
55%
fois
54%
yeux
54%
cent
52%
sur
52%
d'argent
50%
d'or
50%
bien
49%
chagrin
48%
chemin
46%
Cousu
44%
pleurer
44%
commence
43%
devrai
43%
Tant
42%
brodé
41%
j'aimais
41%
choses
40%
Cela
39%
M'ont
39%
Pardonnez-moi
37%
J'abandonne
36%
rêver
28%
rêverai
24%
Aucun quiz correspondant
Distribution des résultats
% des personnes avec chaque résultat
Percentile par nombre de réponses
Votre historique - résultats
Vous n’avez pas pris ce quiz